Представление документа в формате RUSMARC

ПолеНазваниеЗначение
  Тип записи a
  Библиографический уровень m
001 Контрольный номер 959b812881d545fd8f56928faf0845b0
005 Дата корректировки 20140604150043.5
010 Индекс ISBN __
a ISBN 978-5-9916-1179-4
010 Индекс ISBN __
a ISBN 978-5-9692-1133-9
101 Язык документа 0_
a Язык текста rus
102 Страна публикации __
a Страна публикации RU
200 Заглавие и сведения об ответственности 1_
a Заглавие Предпринимательское право
e Сведения, относящиеся к заглавию учебник
f Первые сведения об ответственности И. А. Зенин
205 Сведения об издании __
a Основные сведения об издании 8-е изд., испр. и доп.
210 Выходные данные 1_
c Издательство Юрайт
a Место издания М.
d Дата издания 2011
215 Физическое описание __
a Объем 744, [2] с.
225 Серия 2_
a Серия Основы наук
300 Общие примечания __
a Общие примечания К 300-летию со дня рождения М. В. Ломоносова
610 Ключевые слова 0_
a Ключевые слова предпринимательское право
610 Ключевые слова 0_
a Ключевые слова предпринимательская деятельность
610 Ключевые слова 0_
a Ключевые слова правовое регулирование
610 Ключевые слова 0_
a Ключевые слова физические лица
610 Ключевые слова 0_
a Ключевые слова юридические лица
610 Ключевые слова 0_
a Ключевые слова вещные права
610 Ключевые слова 0_
a Ключевые слова исключительное право
610 Ключевые слова 0_
a Ключевые слова авторские права
610 Ключевые слова 0_
a Ключевые слова смежные права
610 Ключевые слова 0_
a Ключевые слова патентные права
610 Ключевые слова 0_
a Ключевые слова исключительные права
610 Ключевые слова 0_
a Ключевые слова обязательства
610 Ключевые слова 0_
a Ключевые слова договоры
610 Ключевые слова 0_
a Ключевые слова учебник
686 Индексы других классификаций __
a Классификационный индекс 67.623я73
2 Код системы rubbk
700 Автор _1
a Фамилия Зенин
b Имя И. А.
g Полное личное имя Иван Александрович
801 Источник записи _0
a Страна RU
b Организация РУК
c Дата составления 20111207
g Правила каталогизации PSBO
801 Источник записи _1
a Страна RU
b Организация РУК
c Дата составления 20111207
g Правила каталогизации PSBO
852 Данные о местонахождении __
j Шифр хранения ББК 67
i Авторский знак З-56
901 Тип документа __
t Тип документа m
938 Служебная информация __
a Название организации Головной вуз
b Имя БД BOOK
c Название АИБС АИБС ИРБИС